[Event "Lleida Province-ch"]
[Site "Balaguer"]
[Date "2013.10.13"]
[Round "2"]
[White "Pages Jane, Josep"]
[Black "Arno Bendicho, Arnau"]
[Result "1/2-1/2"]
[WhiteElo "1692"]
[BlackElo "1927"]
[PlyCount "91"]
[EventDate "2013.10.06"]
[EventType "swiss"]
[EventRounds "9"]
[EventCountry "ESP"]
[SourceTitle "CBM 157 Extra"]
[Source "ChessBase"]
[SourceDate "2013.12.19"]
[SourceVersion "1"]
[SourceVersionDate "2013.12.19"]
[SourceQuality "1"]

1. e4 c5 2. Nc3 Nc6 3. g3 g6 4. Bg2 Bg7 5. d3 e6 6. f4 Nge7 7. Nf3 0-0 8. Bd2 b6 9. 0-0 Bb7 10. Rb1 Nd4 11. a4 d5 12. exd5 Nxd5 13. Nxd5 Bxd5 14. b3 Qc7 15. Nxd4 Bxd4+ 16. Kh1 Rad8 17. Bxd5 Rxd5 18. Qf3 Rfd8 19. Qe4 h5 20. Be3 a6 21. h4 Qc6 22. Kh2 Qd7 23. Rbe1 b5 24. axb5 axb5 25. Bxd4 cxd4 26. Ra1 Rc8 27. Ra2 Rdc5 28. Rf2 Kg7 29. Re2 R8c6 30. Kg2 Rc8 31. Kf2 Rf5 32. Ke1 Qd6 33. Ra7 Qc5 34. Qxe6 Qxa7 35. Qxc8 Qa1+ 36. Kf2 Qh1 37. Re8 Qh2+ 38. Kf3 Qh1+ 39. Ke2 Qg2+ 40. Kd1 Qg1+ 41. Kd2 Qxg3 42. Rg8+ Kh7 43. Rh8+ Kg7 44. Qf8+ Kf6 45. Qd6+ Kg7 46. Qf8+ 1/2-1/2

[Event "Tancats de l'Urgell D"]
[Site "Tarrega"]
[Date "2011.04.08"]
[Round "1.1"]
[White "Pages Jane, Josep"]
[Black "Batlle Mestres, Antonio"]
[Result "0-1"]
[WhiteElo "1891"]
[BlackElo "1809"]
[PlyCount "150"]
[EventDate "2011.04.08"]
[EventType "tourn"]
[EventRounds "9"]
[EventCountry "ESP"]
[SourceTitle "EXT 2023"]
[Source "ChessBase"]
[SourceDate "2022.10.05"]
[SourceVersion "1"]
[SourceVersionDate "2022.10.05"]
[SourceQuality "1"]

1. e4 e6 2. d4 d5 3. Nc3 Nf6 4. Bg5 Be7 5. e5 Nfd7 6. Bxe7 Qxe7 7. f4 a6 8. Bd3 c5 9. Nf3 Nc6 10. dxc5 Nxc5 11. Qd2 Nxd3+ 12. Qxd3 f6 13. 0-0 0-0 14. Rae1 Bd7 15. exf6 Rxf6 16. Nxd5 Qc5+ 17. Ne3 Be8 18. Ng5 Bg6 19. Qc4 Qxc4 20. Nxc4 Re8 21. Nd6 Re7 22. Nc8 Re8 23. Nd6 Re7 24. c3 h6 25. Nge4 Rf8 26. Nc5 Nd8 27. Re5 Rf6 28. f5 Bf7 29. Nce4 Nc6 30. Nxf6+ gxf6 31. Ree1 e5 32. Rf3 Bxa2 33. c4 Nd4 34. Rh3 Nc2 35. Rg3+ Kh7 36. Re2 Bb1 37. Ne4 Rf7 38. Rg6 Nd4 39. Re3 Bxe4 40. Rxe4 Nxf5 41. Rgg4 h5 42. Rg3 Nxg3 43. hxg3 Rg7 44. Kf2 Rg4 45. Kf3 Rg7 46. c5 Rd7 47. Ke3 Kg6 48. g4 Kg5 49. gxh5 Kxh5 50. Rb4 Rc7 51. Rc4 Kg5 52. b4 f5 53. g3 e4 54. Rd4 Kg4 55. Rd5 Rf7 56. Kf2 e3+ 57. Kxe3 Kxg3 58. Ke2 Re7+ 59. Kf1 f4 60. Rd6 Re4 61. Rb6 Re7 62. Rg6+ Kf3 63. Rb6 Rh7 64. Kg1 Re7 65. Kf1 Ke3 66. b5 axb5 67. Rxb5 Rg7 68. Rb3+ Ke4 69. Rb4+ Kd5 70. Rxf4 Kxc5 71. Ke1 Rd7 72. Rf2 b5 73. Rd2 Rxd2 74. Kxd2 Kb4 75. Kc2 Ka3 0-1

[Event "Mollerussa op-B"]
[Site "Mollerusa"]
[Date "1997.??.??"]
[Round "6"]
[White "Pages Jane, Josep"]
[Black "Ponsarnau Marquilles, Jaume"]
[Result "1-0"]
[WhiteElo "1975"]
[BlackElo "1920"]
[PlyCount "105"]
[EventDate "1997.??.??"]
[EventType "swiss"]
[EventRounds "8"]
[EventCountry "ESP"]
[SourceTitle "EXT 2003"]
[Source "ChessBase"]
[SourceDate "2002.11.25"]
[SourceVersion "1"]
[SourceVersionDate "2002.11.25"]
[SourceQuality "1"]

1. e4 c6 2. d4 d5 3. Nc3 dxe4 4. Nxe4 Bf5 5. Ng3 e6 6. Nxf5 Qa5+ 7. c3 Qxf5 8. Bd3 Qd5 9. Nf3 Nf6 10. 0-0 Nbd7 11. Re1 Bd6 12. Qb3 0-0-0 13. Qxd5 Nxd5 14. Ng5 Rdf8 15. Nxh7 Bxh2+ 16. Kf1 Rfg8 17. Ng5 Bf4 18. g3 Bxg5 19. Bxg5 f6 20. Bd2 e5 21. c4 N5b6 22. dxe5 Nxe5 23. Bf5+ Kb8 24. b3 Nf3 25. Bf4+ Ka8 26. Red1 g5 27. Bc7 Nc8 28. Kg2 g4 29. Bxg4 Nh4+ 30. gxh4 Rxg4+ 31. Bg3 f5 32. Kf3 Ne7 33. Rd7 Re4 34. Rad1 a6 35. Rc7 Ng6 36. Rdd7 Nxh4+ 37. Bxh4 Rhxh4 38. Rxb7 Rhf4+ 39. Kg2 Rg4+ 40. Kf1 Rd4 41. Ra7+ Kb8 42. Rdb7+ Kc8 43. Rh7 Kb8 44. Rxa6 f4 45. Rf7 f3 46. Rxf3 Rd1+ 47. Ke2 Rgg1 48. Re3 Kb7 49. Ra5 Kb6 50. b4 Rgf1 51. c5+ Kb7 52. Re7+ Kb8 53. Kf3 1-0